| 000 | 00323nam a22001217a 4500 | ||
|---|---|---|---|
| 020 | _a0-8247-2254-X | ||
| 082 | _a004.03 ENC'B | ||
| 100 |
_aBELZER, JACK _974791 |
||
| 245 | _aENCYCLOPEDIA OF COMPUTER SCIENCE AND TECHNOLOGY VOLUME - 4 BR TO CBAM | ||
| 260 |
_aNEWYORK _bMARCEL DEKKER _c1976 |
||
| 300 | _a507P | ||
| 942 | _cBK | ||
| 999 |
_c580291 _d580291 |
||